Yo soy Ticas del pueblo nación comechingon /

Bibliographic Details
Main Author: Franzl Moreno, Teresita (Author)
Format: Electronic eBook
Language:Spanish
Published: Villa María, Córdoba, Argentina EDUVIM, Editorial Universitaria Villa María, 2011.
Series:JQKA libros.
Subjects:
Online Access:Digitalia Hispánica

MARC

LEADER 00000nam a2200000Ii 4500
001 DIGEDUV0059
003 NyNyDIG
006 m o d
007 cr |||||||||||
008 140201s2011 ag ob 000 0 spa d
020 |z 9789871727643 
020 |z 987172764X 
035 |a (OCoLC)849487819 
040 |a DGITA  |b eng  |e pn  |c DGITA 
043 |a s-ag--- 
050 1 4 |a F2823.C5 eBook 
100 1 |a Franzl Moreno, Teresita,  |e author.  
245 1 0 |a Yo soy Ticas del pueblo nación comechingon /  |c Teresita Franzl Moreno (Noka Kani Ticas). 
264 1 |a Villa María, Córdoba, Argentina   |b EDUVIM, Editorial Universitaria Villa María,  |c 2011.  
300 |a 1 online resource (68 pages)  
336 |a text  |b txt  |2 rdacontent 
337 |a computer  |b c  |2 rdamedia 
338 |a online resource  |b cr  |2 rdacarrier 
490 1 |a JQKA 
650 0 |a Comechingone Indians. 
650 0 |a Indians of South America  |z Argentina  |z Córdoba.  
655 0 |a Electronic books. 
791 2 |a Digitalia (Firm),  |e distributor. 
830 0 |a JQKA libros. 
793 0 |g Digitalia eBook Collection:  |a Ediciones Eduvim 
856 4 0 |3 Digitalia Hispánica  |u https://www.digitaliapublishing.com/a/14492/ 
910 |a Premium Collection: 2007-2012